00669nam a2200181Ia 4500008004100000020001800041050001900059100002500078245007000103260005100173300001100224440003400235650005200269700004600321942000700367952009600374999001700470120603s9999 xx 000 0 und d a970-638-183-X aQC23 P372 1998 aPARDO PRATZ, Leoncio aFísica III / Leoncio Pardo Pratz, José Antonio Castillo Pratz aMéxico : Compañía Editorial Nueva Imagen a184 p. aColección Ciencia educativa aFísica - Estudio y enseñanza (Bachillerato) aCastillo Pratz, José Antonio, coaut.Ì cLB 00104070a13b13d2012-05-09l0oTX353 S35 2007p13 002356r2013-12-10t1w2013-12-10yLB c91421d91421